[Event "Golubitskaya Crimean Dridge"]
[Site "Golubitskaya"]
[Date "2018.05.29"]
[Round "9"]
[White "Poliakov, Vladimir"]
[Black "Melnikov, Artem2222"]
[Result "1-0"]
[WhiteElo "2401"]
[BlackElo "2100"]
[PlyCount "43"]
[EventDate "2018.05.25"]
[EventType "tourn"]
[EventRounds "9"]
[EventCountry "RUS"]
[EventCategory "2"]
[SourceTitle "CBM 184 Extra"]
[Source "ChessBase"]
[SourceDate "2018.06.28"]
[SourceVersion "1"]
[SourceVersionDate "2018.06.28"]
[SourceQuality "1"]

1. e4 d6 2. d4 Nf6 3. Nc3 g6 4. f4 Bg7 5. Nf3 0-0 6. e5 Ne8 7. h4 Bg4 8. h5 gxh5 9. Be2 Nd7 10. Ng5 Bxe2 11. Qxe2 h6 12. Qxh5 e6 13. Be3 c5 14. 0-0-0 cxd4 15. Bxd4 Qa5 16. Nf3 dxe5 17. fxe5 b5 18. Qg4 b4 19. Rxh6 bxc3 20. Rdh1 cxb2+ 21. Kb1 f5 22. Qg6 1-0

[Event "Kremennaya Gerasimov Memorial"]
[Site "Kremennaya"]
[Date "2017.04.20"]
[Round "8"]
[White "Poliakov, Vladimir"]
[Black "Bakhmatsky, Vladislav"]
[Result "1/2-1/2"]
[WhiteElo "2418"]
[BlackElo "2446"]
[PlyCount "43"]
[EventDate "2017.04.13"]
[EventType "tourn"]
[EventRounds "9"]
[EventCountry "UKR"]
[EventCategory "2"]
[SourceTitle "CBM 177 Extra"]
[Source "ChessBase"]
[SourceDate "2017.04.27"]
[SourceVersion "1"]
[SourceVersionDate "2017.04.27"]
[SourceQuality "1"]

1. e4 c6 2. d4 d5 3. Nc3 dxe4 4. Nxe4 Nd7 5. Nf3 Ngf6 6. Ng3 e6 7. Bd3 c5 8. 0-0 Be7 9. Qe2 0-0 10. Rd1 Qc7 11. c4 cxd4 12. Nxd4 Rd8 13. Nb5 Qb8 14. Bc2 a6 15. Nc3 b6 16. Bg5 h6 17. Bxf6 Nxf6 18. Nf5 Rxd1+ 19. Rxd1 Bf8 20. Ng3 Bb7 21. Nce4 Nxe4 22. Bxe4 1/2-1/2

[Event "Kremennaya Gerasimov Memorial"]
[Site "Kremennaya"]
[Date "2017.04.19"]
[Round "7"]
[White "Sitnikov, Anton"]
[Black "Poliakov, Vladimir"]
[Result "1-0"]
[WhiteElo "2438"]
[BlackElo "2418"]
[PlyCount "69"]
[EventDate "2017.04.13"]
[EventType "tourn"]
[EventRounds "9"]
[EventCountry "UKR"]
[EventCategory "2"]
[SourceTitle "CBM 177 Extra"]
[Source "ChessBase"]
[SourceDate "2017.04.27"]
[SourceVersion "1"]
[SourceVersionDate "2017.04.27"]
[SourceQuality "1"]

1. e4 c6 2. d4 d5 3. Nc3 dxe4 4. Nxe4 Nf6 5. Nxf6+ gxf6 6. c3 Bf5 7. Nf3 e6 8. g3 h5 9. Bg2 Be4 10. 0-0 Be7 11. Re1 f5 12. h4 Nd7 13. Ng5 Bxg2 14. Kxg2 Nf8 15. Qe2 Ng6 16. a4 Qd5+ 17. Kg1 Rg8 18. a5 0-0-0 19. c4 Qd7 20. Nxf7 Rdf8 21. Ng5 e5 22. dxe5 f4 23. e6 Qc7 24. Qd1 Rd8 25. Qb3 fxg3 26. fxg3 Rd4 27. a6 b6 28. c5 b5 29. Kh1 Rgd8 30. Qf3 Nxh4 31. Qf2 Ng6 32. Ne4 R4d5 33. Nd6+ Kb8 34. Qf7 Ne5 35. Rxe5 1-0

[Event "Kremennaya Gerasimov Memorial"]
[Site "Kremennaya"]
[Date "2017.04.18"]
[Round "6"]
[White "Poliakov, Vladimir"]
[Black "Diakov, Oleg"]
[Result "1/2-1/2"]
[WhiteElo "2418"]
[BlackElo "2103"]
[PlyCount "80"]
[EventDate "2017.04.13"]
[EventType "tourn"]
[EventRounds "9"]
[EventCountry "UKR"]
[EventCategory "2"]
[SourceTitle "CBM 177 Extra"]
[Source "ChessBase"]
[SourceDate "2017.04.27"]
[SourceVersion "1"]
[SourceVersionDate "2017.04.27"]
[SourceQuality "1"]

1. e4 c5 2. Nf3 e6 3. d4 cxd4 4. Nxd4 a6 5. c4 Nf6 6. Nc3 Qc7 7. a3 d6 8. Be3 b6 9. Rc1 Nbd7 10. Be2 Bb7 11. f3 Be7 12. 0-0 0-0 13. Kh1 Rac8 14. b4 Rfe8 15. Qd2 Ne5 16. f4 Ned7 17. Bd3 Ng4 18. Bg1 Qb8 19. Qe2 Ngf6 20. Be3 Bf8 21. Qf3 Qa8 22. Kg1 h6 23. Rf2 h5 24. h3 a5 25. Rfc2 e5 26. Ndb5 exf4 27. Bxf4 Ne5 28. Bxe5 dxe5 29. Rb1 Bc6 30. g4 Red8 31. g5 Rxd3 32. Qxd3 Nxe4 33. Qe3 h4 34. g6 Qb7 35. Rd1 Nxc3 36. Rxc3 axb4 37. axb4 Bxb4 38. Nd6 Qd7 39. Rcd3 Rf8 40. Qxb6 Bxd6 1/2-1/2

[Event "Kremennaya Gerasimov Memorial"]
[Site "Kremennaya"]
[Date "2017.04.17"]
[Round "5"]
[White "Strebkovs, Andrejs"]
[Black "Poliakov, Vladimir"]
[Result "1-0"]
[WhiteElo "2325"]
[BlackElo "2418"]
[PlyCount "57"]
[EventDate "2017.04.13"]
[EventType "tourn"]
[EventRounds "9"]
[EventCountry "UKR"]
[EventCategory "2"]
[SourceTitle "CBM 177 Extra"]
[Source "ChessBase"]
[SourceDate "2017.04.27"]
[SourceVersion "1"]
[SourceVersionDate "2017.04.27"]
[SourceQuality "1"]

1. e4 c5 2. Nf3 d6 3. d4 cxd4 4. Nxd4 Nf6 5. Nc3 a6 6. Be2 e5 7. Nf5 d5 8. Bg5 d4 9. Bxf6 Qxf6 10. Nd5 Qd8 11. c4 Nc6 12. 0-0 g6 13. Ng3 h5 14. f4 h4 15. Nh1 exf4 16. Rxf4 Bd6 17. Rf1 Be6 18. Nf2 Qg5 19. Kh1 Bxh2 20. Nh3 Qg3 21. Nf6+ Kd8 22. Ng4 Bxg4 23. Bxg4 Qc7 24. Qd2 Ke8 25. Ng5 Ne5 26. Bd1 Bg3 27. Ba4+ b5 28. cxb5 Qb6 29. Bb3 1-0

[Event "Kremennaya Gerasimov Memorial"]
[Site "Kremennaya"]
[Date "2017.04.16"]
[Round "4"]
[White "Poliakov, Vladimir"]
[Black "Kotliar, Alexey"]
[Result "0-1"]
[WhiteElo "2418"]
[BlackElo "2215"]
[PlyCount "64"]
[EventDate "2017.04.13"]
[EventType "tourn"]
[EventRounds "9"]
[EventCountry "UKR"]
[EventCategory "2"]
[SourceTitle "CBM 177 Extra"]
[Source "ChessBase"]
[SourceDate "2017.04.27"]
[SourceVersion "1"]
[SourceVersionDate "2017.04.27"]
[SourceQuality "1"]

1. e4 c5 2. Nf3 e6 3. d4 cxd4 4. Nxd4 Nf6 5. Nc3 d6 6. Be2 a6 7. 0-0 Be7 8. Be3 Qc7 9. f4 0-0 10. a4 Nc6 11. Nb3 b6 12. Bf3 Rb8 13. Kh1 Bb7 14. Qe2 Rbc8 15. Bf2 Rfe8 16. Bg3 e5 17. f5 Nd4 18. Qd3 Nxf3 19. Qxf3 b5 20. axb5 axb5 21. Rf2 b4 22. Nd5 Nxd5 23. exd5 Ra8 24. Rxa8 Rxa8 25. Qd3 Ra2 26. Qb5 Ba6 27. Qe8+ Bf8 28. h3 Rxb2 29. Qc6 Qxc6 30. dxc6 f6 31. Rd2 d5 32. c7 d4 0-1

[Event "Marsel IM"]
[Site "Dombaj"]
[Date "2011.07.??"]
[Round "8"]
[White "Poliakov, Vladimir"]
[Black "Semenyuk, Vladimir Vladimirov"]
[Result "1-0"]
[WhiteElo "2348"]
[BlackElo "2119"]
[PlyCount "81"]
[EventDate "2011.07.23"]
[EventType "swiss"]
[EventRounds "8"]
[EventCountry "RUS"]
[SourceTitle "EXT 2022"]
[Source "ChessBase"]
[SourceDate "2021.10.06"]
[SourceVersion "1"]
[SourceVersionDate "2021.10.06"]
[SourceQuality "1"]

1. d4 Nf6 2. Nf3 e6 3. Bg5 h6 4. Bf4 b6 5. e3 Bb7 6. Bd3 c5 7. c3 Be7 8. h3 Qc8 9. Nbd2 Ba6 10. c4 cxd4 11. Nxd4 d6 12. Bg3 0-0 13. 0-0 Nbd7 14. Rc1 Bb7 15. Bb1 a6 16. Qe2 Qc7 17. Rfd1 Rac8 18. e4 Rfe8 19. N2f3 e5 20. Nf5 Bf8 21. Nd2 g6 22. Ne3 h5 23. f3 a5 24. Bh4 Bh6 25. Ndf1 Re6 26. Rc3 Qb8 27. b3 b5 28. Bd3 Nh7 29. Nd5 b4 30. Rc2 Nc5 31. Nfe3 Bg5 32. Bf2 Nf8 33. Qe1 Ree8 34. Bf1 Nfe6 35. Bh4 Bxe3+ 36. Qxe3 Bxd5 37. cxd5 Nd4 38. Qh6 Nd7 39. Rcd2 Rc2 40. Rxc2 Nxc2 41. Bf2 1-0